| 000 | 00836nam a22002177a 4500 | ||
|---|---|---|---|
| 005 | 20100802145713.0 | ||
| 010 | _aENG-97746 | ||
| 020 |
_a0860371484 _c190.00 |
||
| 020 |
_a0860371492 _c190.00 |
||
| 035 | _aEN-81279 | ||
| 037 | _bDBAD/PUB | ||
| 082 | _a270 | ||
| 100 |
_aAnsari, Muhammad Abdul Haq _924342 |
||
| 245 |
_aSufism and shari'ah : _ba study of shaykh ahmad sirhindis efforts to reform sufism / _cby Muhammad Abdul Haq Ansari |
||
| 260 |
_aNew Delhi _bMarkazi Maktaba Islami Publishers _c2004 |
||
| 270 |
_aD-307 Abul Fazl Enclave, Jamia Nagar, Okhla _bNew Delhi _e110025 |
||
| 300 |
_a368p. _c22cm (pbk) |
||
| 650 |
_aAhmad Sirhindi, 1563-1624 _924343 |
||
| 942 |
_2ddc _cEN _h270 _mANS |
||
| 999 |
_c38716 _d38716 |
||